000 02371nam0a2200409 4500
001 RU\NLR\BIBL_A\022711394
005 20260420062804.0
010 _a978-5-6054386-8-7
_9500
021 _aRU
_bКН-П-25-076162
_9КН-П-25-7380
035 _a(NLR Aleph) 022711394
090 _a13687811
_c13687811
100 _a20260129d2025 u y0rusy50 ca
101 0 _arus
102 _aRU
105 _aach z 110yy
181 0 _ab3
_bxb2e
181 0 _ai2
_baxxe
182 0 _an
200 1 _aДекабристы: люди и судьбы. К 200-летию восстания на Сенатской площади
_eпо материалам выставки Государственного музея А. С. Пушкина, [27 ноября 2025 – 27 февраля 2026
_fДепартамент культуры города Москвы, Государственный музей А. С. Пушкина и др.
_gсоставитель: А. В. Большова
_gпредисловие: С. В. Мироненко]
203 _aИзображение
_aТекст
_bвизуальные
_cнепосредственные
210 _aМосква
_cГоударственный музей А. С. Пушкина
_d2025
215 _a247 с.
_cцв. ил., портр., факс.
_d28
320 _aБиблиогр. в подстроч. примеч.
600 1 _aПушкин
_bА.С.
_f1799 - 1837
_gАлександр Сергеевич
_jДокументы и материалы
_xи декабристы
_92030056
_3RU\NLR\AUTH\66935052
606 1 _aДекабристы
_9983991
_3RU\NLR\AUTH\6652480
686 1 _aТ3(2)472-411.8л62
686 2 _aШ5(2=Р)51-4Пушкин3
702 1 _aБольшова
_bА. В.
_4220
702 1 _aМироненко
_bС. В.
_f1951-
_gСергей Владимирович
_4080
711 0 2 _aГосударственный музей А. С. Пушкина
_cМосква
_9280392
_3RU\NLR\AUTH\884451
711 1 2 _a"Декабристы: люди и судьбы. К 200-летию восстания на Сенатской площади", выставка
_eМосква
_f2025-2026
_92697026
_3RU\NLR\AUTH\880638670
942 _cBOOK
980 _aNB